000 00642nam a2200277Ia 4500
005 20260324150824.0
008 008 260324s9999 xx 000 0 eng d
020 _a9780367853938
037 _aEBOOK
040 _aCRL
040 _beng
040 _cCRL
041 _2eng
041 _aeng
084 _qCRL
100 _aA. Cornelius Benjamin
_91227731
245 4 _aThe Logical Structure of Science
260 _bTaylor and Francis
260 _c1936
365 _a
365 _b205
856 _uhttp://www.taylorfrancis.com/books/9780367853938
942 _cEBOOK
999 _c1837869
_d1837869